Yüklüyor......
Programming and computing with FORTRAN IV
| Yazar: | |
|---|---|
| Materyal Türü: | Printed Book |
| Baskı/Yayın Bilgisi: |
Allied Pacific Pvt. Ltd., Bombay
1980
|
| Konular: |
| LEADER | 00544nam a2200193 4500 | ||
|---|---|---|---|
| 020 | |c 32.75 | ||
| 082 | |a 005.13F GRO-P | ||
| 100 | |a Grover, P S | ||
| 245 | |a Programming and computing with FORTRAN IV | ||
| 250 | |||
| 260 | |a Allied Pacific Pvt. Ltd., Bombay |c 1980 | ||
| 300 | |a 404 | ||
| 490 | |||
| 500 | |||
| 590 | |a VMV |c 32.75 | ||
| 650 | |a Programming languages-Fortran | ||
| 942 | |c BK | ||
| 999 | |c 80969 |d 80969 | ||
| 952 | |0 0 |1 0 |4 0 |6 005_000000000000000_13F_GROP |7 0 |9 94437 |a PHY |b PHY |g 32.75 |l 0 |o 005.13F GRO-P |p PHY02650 |r 2019-09-24 |w 2019-09-24 |y BK | ||